| 000 | 01201nam a22003857a 4500 | ||
|---|---|---|---|
| 001 | BR2011002712 | ||
| 003 | BR-BrBNA | ||
| 005 | 20230928103718.0 | ||
| 007 | ta | ||
| 008 | 230509b bl.||||| |||| 00| 0 por d | ||
| 040 |
_aBR-BrBNA _bpor _cBiblioteca Nacional de Agricultura |
||
| 041 | _a(Por) | ||
| 072 |
_aL01; L50; L73 _b6000 |
||
| 090 | _ 6000 BR2011002712 | ||
| 110 | 1 |
_aUniversidade Federal de Uberlândia, MG (Brasil) _910955 |
|
| 111 | 1 |
_a7. Encontro de Ciências Avícolas1. Mostra de Trabalhos Científicos _cUberlândia, MG (Brazil) _d03- 04 Jun 2004 |
|
| 245 | 1 | _aAnais do 7. Encontro de Ciências Avícolas 1. Amostra de Trabalhos científicos | |
| 260 | 3 |
_aUberlândia, MG (Brasil): _c2004. |
|
| 300 | _a112 p. | ||
| 500 | _aIncludes several bibliographies.; 6 illus.; 146 tables | ||
| 650 | _aAVESTRUZ | ||
| 650 | _aAVE DOMÉSTICA | ||
| 650 | _aAVE SELVAGEM | ||
| 650 | _aDOENÇA ANIMAL | ||
| 650 | _aCRIAÇÃO | ||
| 650 | _aFRANGO | ||
| 650 | _aEPIDEMIOLOGIA | ||
| 650 | _aPATO | ||
| 650 | _aBIOMETRIA | ||
| 650 | _aFRANGO DE CORTE | ||
| 650 | _aHISTOLOGIA ANIMAL | ||
| 650 | _aMORFOLOGIA ANIMAL | ||
| 909 |
_a202309 _bLucia _c55 _dLucia Elande |
||
| 942 | _cBK | ||
| 999 |
_c76275 _d76275 |
||